[Event "Tatry Open 2018"]
[Site "Tatranska Lomnica"]
[Date "2018.10.05"]
[Round "7"]
[White "Janos, Ivan"]
[Black "Vyskocil, Neklan"]
[Result "0-1"]
[WhiteElo "2109"]
[BlackElo "2315"]
[Annotator "TA"]
[PlyCount "106"]
[EventDate "2018.09.30"]
[EventType "swiss"]
[EventCountry "SVK"]
[SourceTitle "playchess.com"]
[Source "ChessBase"]
[SourceQuality "1"]

{[%evp 20,106,52,42,52,33,193,144,212,189,216,114,133,139,148,56,110,66,85,65,89,16,98,94,107,69,152,70,84,37,46,30,66,51,107,103,140,108,132,122,120,112,111,29,33,34,322,316,746,735,1219,1139,6195,217,324,27,34,0,0,-39,0,0,-13,-308,-317,-497,-377,-401,-392,-374,-393,-376,-297,-369,-366,-350,-333,-359,-296,-441,-430,-958,-962,-955,-933,-2583,-2140,-4921,-4921]} 1. e4 g6 2. d4 Bg7 3. Nc3 d6 4. f4 Nf6 5. Nf3 O-O 6. a3 Bg4 {B09: Pirc Defence: Austrian Attack} 7. h3 (7. Be2 Bxf3 8. Bxf3 e5 9. fxe5 dxe5 10. d5 c6 11. dxc6 Nxc6 12. Qxd8 Rfxd8 13. Bg5 Nd4 14. O-O-O {0-1 (52) Anand,V (2776)-Nepomniachtchi,I (2751) Moscow 2018}) 7... Bxf3 8. Qxf3 Nc6 9. Be3 e5 10. dxe5 dxe5 11. f5 {LiveBook: 5 Games} Nd4 12. Qf2 Nd7 $146 (12... b5 $14) ({Predecessor:} 12... c6 13. g4 Ne8 14. Bd3 {1-0 (40) Biti,O (2340)-Nikolov,S (2400) Ljubljana 2005}) 13. g4 Nb6 (13... b5 $16) 14. Bd3 Re8 15. O-O (15. O-O-O $18) 15... Qd7 16. Rad1 Rad8 17. Ne2 (17. a4 $16) 17... Qc6 (17... Na4 $14) 18. c3 (18. Ng3 {seems wilder.} Rd7 19. c3 Nb5 20. Qe2 a6 21. h4) 18... Nxe2+ 19. Qxe2 a6 20. c4 (20. Kh2 $16) 20... Nd7 (20... gxf5 $1 $11 21. Rxf5 (21. gxf5 Na4 $14) 21... Na4) 21. b4 $16 Nf6 22. Qf3 Rd7 (22... h6 $14) 23. c5 ({White should play} 23. g5 $16 Rxd3 24. Rxd3 Nxe4 25. f6) 23... Red8 $14 24. Bg5 gxf5 25. gxf5 Rd4 26. Kh2 Qd7 ({Better is} 26... Qa4 $14) 27. Rg1 {Hoping for Bxf6.} Kf8 {[%cal Rd4d3]} 28. Be2 Qc6 29. Rxd4 Rxd4 30. Be3 $36 {[%mdl 2048] White is on the roll.} Rxe4 31. Bd3 (31. Qf2 $16 {Strongly threatening Bf3.} Qa4 32. Bd3 Rxe3 33. Qxe3) 31... Rh4 $1 $11 32. Qf2 Rh5 $2 {[%mdl 8192] [#]} (32... Bh6 $14) 33. Be2 $1 $18 Qe4 $2 (33... Rh6 34. Rxg7 Rxh3+ 35. Kxh3 Qh1+ 36. Qh2 Qxh2+ 37. Kxh2 Kxg7) 34. Bxh5 Nxh5 35. Qd2 {[%cal Rd2d8]} Nf6 36. Bg5 $2 (36. Qd8+ Ne8 {[#]} 37. f6 $1 {[%mdl 512]} Qc2+ 38. Rg2 Qxg2+ 39. Kxg2 Bxf6 40. Bh6+ Bg7 41. Bxg7+ Kxg7 42. Qxe8) 36... Nd5 (36... Qd5 $142 37. Rd1 Qxd2+ 38. Rxd2 Ke8) 37. f6 $2 (37. Rd1 $18 Qxf5 38. Qxd5 Qxg5 39. Qxb7 Qf4+ 40. Kg2 (40. Kh1 e4 $16)) 37... Bxf6 $11 38. Bh6+ Ke7 39. Re1 Qf5 40. Rd1 c6 {...e4 is the strong threat.} 41. a4 $2 {[%mdl 8192]} (41. Re1 $1 $11) 41... e4 $19 {And now ...Be5+ would win.} 42. Qg2 (42. Re1 $142 Bc3 43. Qg5+ Ke6 44. Qxf5+ Kxf5 45. Rc1) 42... Be5+ 43. Kh1 Qh5 44. Qg5+ Qxg5 45. Bxg5+ {[%mdl 4096] Endgame KRB-KBN} f6 {[%cal Bf7f6,Bf6f5,Bf5f4][%mdl 32]} 46. Bd2 f5 47. Re1 Ke6 48. Kg2 Bd4 49. Kf1 (49. a5 {was worth a try.}) 49... Ke5 {Black is clearly winning.} 50. Rb1 (50. Bh6 $142 Nxb4 51. Bg7+ Kd5 52. Bxd4 Kxd4 53. a5) 50... f4 51. b5 axb5 52. axb5 e3 53. bxc6 bxc6 {Precision: White = 22%, Black = 37%.} 0-1

[Event "Tatry Open 2018"]
[Site "Tatranska Lomnica"]
[Date "2018.10.05"]
[Round "7"]
[White "Bochnicka, Vladimir"]
[Black "Macko, Michal"]
[Result "1/2-1/2"]
[WhiteElo "2092"]
[BlackElo "2187"]
[Annotator "TA"]
[PlyCount "57"]
[EventDate "2018.09.30"]
[EventType "swiss"]
[EventCountry "SVK"]
[SourceTitle "playchess.com"]
[Source "ChessBase"]
[SourceQuality "1"]

{[%evp 12,57,37,31,85,80,73,54,56,59,45,43,70,65,72,75,70,79,82,38,87,43,15,-17,-14,-20,-9,-63,-73,-117,-95,-135,-130,-140,-129,-142,-141,-193,-186,-256,-228,-287,-181,-171,-93,-93,-93,-93]} 1. e4 g6 2. d4 Bg7 3. Nf3 d6 4. Be2 Nf6 5. Nc3 c6 6. a4 O-O 7. O-O {LiveBook: 1267 Games} Nfd7 {B08: Pirc Defence: Classical System} ({Better is} 7... Qc7 $14) (7... Nbd7 8. a5 Qc7 9. Be3 e5 10. h3 exd4 11. Bxd4 Re8 12. Bc4 Nf8 13. Re1 Be6 14. Bf1 N8d7 15. Ng5 a6 16. Qd2 c5 17. Be3 {1-0 (58) Tomashevsky,E (2702)-Radjabov,T (2741) Palma de Mallorca 2017}) 8. Be3 c5 $146 ({Predecessor:} 8... a5 9. h3 Na6 10. Qd2 Nb4 11. Bc4 c5 12. dxc5 Nxc5 13. Bxc5 dxc5 14. Qe2 Qb6 15. Rad1 {½-½ (35) Ottesen,S (2423)-Serner,A (2515) ICCF email 2009}) 9. Qd2 cxd4 {White is slightly better.} 10. Nxd4 Nc6 11. Rad1 Nde5 12. h3 Nxd4 13. Bxd4 Be6 14. f4 Nc6 15. Be3 Na5 16. Nd5 Bxd5 17. Qxd5 Bxb2 18. f5 Bg7 19. fxg6 (19. h4 $11) 19... hxg6 $15 20. Bg4 e6 21. Qb5 Qc7 22. Kh1 b6 23. h4 Nc4 24. Bc1 (24. Bf4 $17) 24... Ne5 $19 25. Be2 (25. Qe2 $142) 25... Qxc2 26. Rxd6 a6 27. Qb2 Qxe4 (27... Qxa4 $19 28. Bh6 Bxh6 29. Qxe5 Qc2) 28. Rf4 $17 Qb7 29. Qxb6 {Precision: White = 44%, Black = 51%.} 1/2-1/2

[Event "Tatry Open 2018"]
[Site "Tatranska Lomnica"]
[Date "2018.10.05"]
[Round "7"]
[White "Bochnickova, Andrea"]
[Black "Borsos, Bogdan"]
[Result "0-1"]
[WhiteElo "2079"]
[BlackElo "2266"]
[Annotator "TA"]
[PlyCount "132"]
[EventDate "2018.09.30"]
[EventType "swiss"]
[EventCountry "SVK"]
[SourceTitle "playchess.com"]
[Source "ChessBase"]
[SourceQuality "1"]

{[%evp 20,132,16,20,28,40,39,33,33,31,34,35,32,32,33,38,55,51,66,17,70,43,48,33,43,43,50,29,30,30,22,9,13,9,18,0,0,3,14,12,11,-15,-15,-15,-15,-15,-14,-15,-13,-19,-8,-8,-8,-8,-8,-8,-8,-15,-15,-177,0,-14,-14,-106,-100,-86,-102,-172,-53,-215,-195,-170,0,0,0,0,0,0,0,0,0,0,0,0,0,0,0,0,0,0,0,0,0,0,0,0,0,0,0,-5672,-5065,-12823,-12801,-12798,-5335,-6085,0,-6191,-12792,-6238,-6211,-6079,-6079,-6079,-5117]} 1. e4 d6 2. d4 Nf6 3. Nc3 e5 4. dxe5 dxe5 5. Qxd8+ Kxd8 6. Bc4 Ke8 7. Nf3 Bd6 8. Bg5 Nbd7 9. O-O-O {B07: Pirc Defence: Miscellaneous Systems} (9. Nd2 c6 10. Bb3 Bc7 11. O-O Nc5 12. Be3 Ne6 13. f3 Ke7 14. Rfd1 Rd8 15. Ne2 Nh5 16. g3 Nf6 {½-½ (50) Shomoev,A (2550)-Najer,E (2682) Sochi 2017}) 9... a6 10. Rhe1 h6 11. Bd2 {LiveBook: 3 Games. The position is equal.} Nb6 $146 ({Predecessor:} 11... b5 12. Bf1 Bb7 13. a4 Nc5 14. axb5 axb5 15. Kb1 Nfxe4 16. Nxe4 Bxe4 {0-1 (34) Bellini,F (2492)-Rombaldoni,D (2511) Torino 2012}) 12. Bb3 Be6 13. Bxe6 fxe6 14. b3 g5 15. h3 Ke7 16. Kb2 Raf8 17. Be3 Nbd7 18. Nd2 Nb8 19. Ne2 Rd8 (19... Nh5 $11) 20. f3 Nc6 21. Nc4 b5 22. Nxd6 cxd6 23. c3 Rhg8 24. Rd2 h5 25. Rc1 g4 26. c4 {Hoping for cxb5.} b4 27. Bb6 Rd7 28. Rcd1 gxf3 29. gxf3 Rg2 30. Ng1 Rxd2+ 31. Rxd2 d5 32. Bc5+ Kf7 33. cxd5 exd5 34. exd5 Nxd5 35. Ne2 Ke6 36. Ng3 Nf4 37. Rxd7 Kxd7 $11 {[%mdl 4096] Endgame KBN-KNN} 38. Kc2 Ke6 {Threatens to win with ...h4.} 39. Be3 $2 (39. h4 $11) 39... Ng2 $2 ({Weaker is} 39... Nxh3 40. Nxh5 Nd4+ 41. Bxd4 $11) ({Black should try} 39... h4 $19 40. Bxf4 Nd4+ 41. Kd1 exf4) 40. Bf2 h4 41. Ne4 (41. Ne2 $11 {was the only way to keep the balance.}) 41... Kf5 $17 42. Kd3 Kf4 43. Nd2 Nd4 (43... a5 $19) 44. Bxd4 $2 (44. Nc4 $1 $15) 44... exd4 $19 45. Kxd4 $15 {KN-KN} Kg3 $2 (45... Ne1 $19 46. Kc4 Kg3) 46. Ke4 $11 Kxh3 47. Nf1 a5 48. f4 {[#] Strongly threatening f5.} Kg4 49. Nh2+ Kh5 50. f5 h3 51. Ke5 Nh4 52. Ke6 Kg5 53. f6 Ng6 54. f7 Kf4 55. Kf6 Nf8 56. Ke7 Ng6+ 57. Kf6 Nf8 58. Ke7 Nh7 59. f8=Q+ $4 {[%mdl 8192]} (59. Nf1 $11) 59... Nxf8 $19 60. Kxf8 {KN-K3P} Kg3 61. Nf1+ Kf2 (61... Kg2 $142 62. Ne3+ Kf3) 62. Nh2 Kg3 63. Nf1+ Kg2 {Black is clearly winning.} 64. Ne3+ Kf3 ({Inferior is} 64... Kg1 65. Ng4 $11) 65. Nf1 {[#]} Ke2 $1 {[%cal Re2f1]} 66. Nh2 Kd2 {Precision: White = 53%, Black = 70%.} 0-1

[Event "Tatry Open 2018"]
[Site "Tatranska Lomnica"]
[Date "2018.10.05"]
[Round "7"]
[White "Mrva, Vladimir"]
[Black "Privara, Igor"]
[Result "1/2-1/2"]
[WhiteElo "2078"]
[BlackElo "2217"]
[Annotator "TA"]
[PlyCount "83"]
[EventDate "2018.09.30"]
[EventType "swiss"]
[EventCountry "SVK"]
[SourceTitle "playchess.com"]
[Source "ChessBase"]
[SourceQuality "1"]

{[%evp 19,83,0,0,2,7,-90,31,52,17,18,47,56,51,52,56,53,58,-48,0,0,0,-30,-24,-52,98,99,113,20,18,20,31,0,177,147,131,139,146,171,170,112,171,162,144,14,83,8,8,0,0,0,0,0,0,0,0,0,0,0,12,0,0,0,0,0,0,0]} 1. e4 c5 2. Nf3 Nc6 3. Bb5 g6 4. O-O Bg7 5. c3 Nf6 6. Re1 O-O 7. d4 d5 8. Bxc6 {B31: Sicilian: 2...Nc6 3 Bb5 g6} (8. e5 Ne4 9. dxc5 Bg4 10. Bf4 f6 11. e6 Nxc5 12. h3 Bxe6 13. Nd4 Nxd4 14. cxd4 Ne4 15. f3 Nd6 16. Rxe6 Nxb5 {0-1 (41) Svidler,P (2753)-Gelfand,B (2703) Jerusalem 2018}) 8... bxc6 9. exd5 cxd5 10. dxc5 Ne4 {LiveBook: 3 Games} 11. Be3 Rb8 12. Re2 $146 (12. Qc1 $11) ({Predecessor:} 12. Qc1 a5 13. Nbd2 Qc7 14. Nxe4 dxe4 15. Nd4 e5 {0-1 (34) Kosteniuk,A (2527)-Muzychuk,A (2560) Khanty-Mansiysk 2014}) 12... Be6 ({Black should play} 12... e5 $17) 13. Nd4 $14 Qc7 14. Nb3 a5 15. f3 {[%cal Bf2f3,Bf3e4,Be4d5][%mdl 32]} a4 16. fxe4 axb3 17. exd5 Bg4 18. a4 (18. axb3 $14 Bxe2 19. Qxe2) 18... Bxe2 19. Qxe2 Qe5 $36 {[%mdl 2048] White should prevent ...Bh6! Black is pushing.} 20. Qf3 Rbd8 $1 21. Nd2 Qxd5 (21... Rxd5 $15 {keeps the upper hand.} 22. Nxb3 Rfd8) 22. Qxd5 $16 Rxd5 23. Nxb3 (23. Nc4 $16) 23... Rb8 $11 24. c6 $1 Be5 25. Nd4 Rc8 $2 {[#]} (25... Rxb2 $11 {and Black is okay.} 26. a5 Rd8) 26. b4 $18 Bxd4 27. Bxd4 $16 {[%mdl 4096] Endgame Strongly threatening b5. KRR-KRB} e5 ({Reject} 27... Rxc6 $6 28. a5 $14) 28. Bc5 Rxc6 29. a5 Ra6 (29... f5 $16) 30. Bb6 $18 {[%mdl 1024] White has strong compensation.} Rb5 31. Bc5 (31. Rb1 $16 Rbxb6 32. axb6 Rxb6 33. c4) 31... f5 {[#]} (31... Rxc5 $1 $11 32. bxc5 Kf8) 32. Kf2 (32. Bf2 $1 $16) 32... Kf7 $11 {The position is equal.} 33. Ke3 Ke6 34. c4 Rxc5 $1 35. bxc5 {KR-KR} Kd7 36. Rd1+ Kc7 37. Rd5 Rxa5 38. Rxe5 Ra2 39. Kf3 Kd7 40. c6+ Kxc6 41. Re7 Ra3+ 42. Kf2 {Precision: White = 43%, Black = 48%.} 1/2-1/2

[Event "Tatry Open 2018"]
[Site "Tatranska Lomnica"]
[Date "2018.10.05"]
[Round "7"]
[White "Koval, Anton"]
[Black "Jablonicky, Martin"]
[Result "0-1"]
[WhiteElo "2037"]
[BlackElo "2346"]
[Annotator "TA"]
[PlyCount "86"]
[EventDate "2018.09.30"]
[EventType "swiss"]
[EventCountry "SVK"]
[SourceTitle "playchess.com"]
[Source "ChessBase"]
[SourceQuality "1"]

{[%evp 14,86,25,0,0,0,27,0,0,0,0,0,0,0,7,-17,22,9,44,30,30,43,49,30,27,15,31,0,0,-56,-50,-76,-65,-91,0,0,0,0,0,0,0,0,0,-41,-27,-50,-43,-103,-10,-41,-47,-55,-60,-91,-92,-204,-194,-185,-193,-249,-242,-260,-252,-344,-325,-319,-272,-256,-228,-277,-214,-397,-385,-849,-847]} 1. e4 e5 2. Nf3 Nc6 3. Bc4 Bc5 4. c3 Nf6 5. d3 d6 6. O-O a6 7. b4 Ba7 8. Be3 {LiveBook: 3 Games. C54: Giuoco Piano: 4 c3 Nf6, main lines with 5 d4 and 5 d3} (8. a4 O-O 9. Be3 Ne7 10. Bxa7 Rxa7 11. Nbd2 Ng6 12. Re1 Ra8 13. Bb3 a5 14. bxa5 Rxa5 15. Nc4 Ra8 16. a5 {½-½ (37) Li,C (2720)-Sethuraman,S (2619) Fufeng 2017}) 8... Bxe3 9. fxe3 O-O 10. Nbd2 {White has an edge.} d5 $146 ({Predecessor:} 10... Bg4 11. Re1 Re8 12. Nf1 Qd7 13. Ng3 Rad8 14. h3 Bxh3 15. gxh3 Qxh3 {0-1 (37) Khuloud,E-Ali Gareeb,A Dubai 2003}) 11. exd5 Nxd5 12. Bxd5 Qxd5 13. d4 e4 14. Ne1 Qg5 15. Rf4 f5 16. Qb3+ Kh8 17. Nxe4 Qe7 18. Nf2 Qxe3 19. Rf3 Qh6 20. Ned3 Be6 21. d5 (21. Qd1 $11) 21... Bg8 $1 $15 22. Re1 Qd6 23. Nf4 $1 Ne5 (23... Rae8 $17 24. Rxe8 Rxe8) 24. Rfe3 $11 Ng4 25. Nxg4 {[#] Ne5 is the strong threat.} Qxf4 26. Ne5 Rad8 $36 {[%mdl 2048] White is under pressure.} 27. c4 b5 28. cxb5 (28. Rh3 $5 {[%cal Re5g6]} Qd4+ 29. Qe3 Qxe3+ 30. Rexe3 $11) 28... axb5 29. Qc3 Bxd5 30. Qxc7 (30. Rg3 $15 Bxa2 31. Qxc7) 30... Qd4 (30... Qxb4 $17 {White must now prevent ...Rc8.} 31. a3 Qd4) 31. Qc3 (31. Qc5 {is interesting.} Be4 32. Qxd4 Rxd4 33. a3 Rd6 34. Nf3) 31... Bxa2 32. Qxd4 Rxd4 33. Ra1 Bd5 34. Nf3 (34. Rd3 $17 {was called for.} Rxd3 35. Nxd3) 34... Rxb4 $19 35. Re5 Bg8 36. Ra5 (36. h4 {might work better.}) 36... Rb1+ 37. Kf2 Rb2+ 38. Kg3 f4+ {[%cal Bf5f4,Bf4f3][%mdl 32]} 39. Kh3 Bc4 40. Ra7 Bf1 41. Nh4 f3 {[%cal Rf3g2]} 42. Rf5 $2 {[#]} (42. Rf7 {was forced.} Kg8 43. Rxf8+ Kxf8 44. Rf5+ Ke7 45. Rxf3) 42... Kg8 43. Rg5 $2 (43. Rxf8+ Kxf8 44. Nxf3) 43... g6 {Precision: White = 24%, Black = 63%.} 0-1

[Event "Tatry Open 2018"]
[Site "Tatranska Lomnica"]
[Date "2018.10.05"]
[Round "7"]
[White "Hrbek, Stepan"]
[Black "Cech, Dominik"]
[Result "1-0"]
[WhiteElo "2026"]
[BlackElo "2169"]
[Annotator "TA"]
[PlyCount "79"]
[EventDate "2018.09.30"]
[EventType "swiss"]
[EventCountry "SVK"]
[SourceTitle "playchess.com"]
[Source "ChessBase"]
[SourceQuality "1"]

{[%evp 33,79,18,11,15,12,22,20,18,22,13,34,33,73,67,72,81,74,74,68,67,75,62,56,56,88,58,175,183,232,229,267,269,280,280,275,267,255,246,354,345,441,436,494,493,582,562,29992,468]} 1. e4 e5 2. Nf3 Nc6 3. d4 exd4 4. Nxd4 Nf6 5. Nxc6 bxc6 6. e5 Qe7 7. Qe2 Nd5 8. c4 Ba6 9. b3 g6 10. Bb2 Bg7 11. g3 O-O 12. Bg2 Rfe8 13. O-O {C45: Scotch Game} Bxe5 14. Qxe5 Qxe5 15. Bxe5 Rxe5 16. cxd5 Bxf1 17. Kxf1 cxd5 {LiveBook: 21 Games} 18. f4 (18. Na3 c6 19. Rd1 Kf8 20. Bf3 a5 {½-½ (48) Salgado Lopez,I (2644)-Eljanov,P (2711) Riadh 2017}) 18... Re3 19. Bxd5 Rae8 {[#] And now ...Re1+ would win.} 20. Nd2 Rd3 21. Ne4 $146 {Nf6+ is the strong threat.} Kg7 22. Bc4 Re3 23. Nf2 c6 24. Rc1 h5 25. Rc2 h4 26. Kg2 hxg3 27. hxg3 a5 28. Ng4 R3e7 29. Kf3 f5 (29... Re4 $14) 30. Ne5 $18 g5 31. Rd2 g4+ 32. Kg2 d5 33. Bd3 ({Weaker is} 33. Nxc6 dxc4 34. Nxe7 Rxe7 $14) 33... Kf6 34. Rc2 Re6 35. Ba6 c5 {[#]} (35... Ra8 {is a better defense.}) 36. Bb5 $1 {[%cal Rb5e8]} Rh8 37. Rxc5 Rd6 38. Bd3 Ra8 39. Rc7 {Threatening mate with Rf7+.} d4 40. Rf7+ {Precision: White = 83%, Black = 45%.} 1-0

[Event "Tatry Open 2018"]
[Site "Tatranska Lomnica"]
[Date "2018.10.05"]
[Round "7"]
[White "Hronik, Petr"]
[Black "Havelka, Ondrej"]
[Result "0-1"]
[WhiteElo "1899"]
[BlackElo "2150"]
[Annotator "NA RC"]
[PlyCount "52"]
[EventDate "2018.09.30"]
[EventType "swiss"]
[EventCountry "SVK"]
[SourceTitle "playchess.com"]
[Source "ChessBase"]
[SourceQuality "1"]
[TimeControl "40/5400+30:1800+30"]

1. d4 {[%emt 0:00:00]} d5 {[%emt 0:00:00]} 2. Bf4 {[%emt 0:00:00]} Nf6 {[%emt 0:00:00]} 3. e3 {[%emt 0:00:00]} c5 {[%emt 0:00:00]} 4. c3 {[%emt 0:00:00]} Nc6 {[%emt 0:00:00]} 5. Nf3 {[%emt 0:00:00]} Qb6 {[%emt 0:00:00]} 6. Qb3 {[%emt 0:00:04]} c4 {[%emt 0:00:00]} 7. Qxb6 {[%emt 0:00:06]} axb6 {[%emt 0:00:00]} 8. Nbd2 {[%emt 0:02:35]} b5 {[%emt 0:00:51]} 9. a3 {[%emt 0:02:00]} Bf5 {[%emt 0:01:20]} 10. Rc1 {[%emt 0:00:37]} h6 {[%emt 0:01:17]} 11. Be2 {[%emt 0:00:22]} e6 {[%emt 0:00:44]} 12. Bd1 {[%emt 0:01:32]} Nd7 {[%emt 0:02:27]} 13. Bc2 {[%emt 0:00:26]} Bxc2 {[%emt 0:02:07]} 14. Rxc2 {[%emt 0:00:21]} b4 {[%emt 0:09:32]} 15. O-O {[%emt 0:13:00]} b3 {[%emt 0:05:58]} 16. Rcc1 {[%emt 0:00:51]} g5 {[%emt 0:00:35]} 17. Bg3 {[%emt 0:00:40]} f5 {[%emt 0:00:13]} 18. Ne5 {[%emt 0:04:26]} Ncxe5 {[%emt 0:00:50]} 19. dxe5 {[%emt 0:01:00]} Nc5 {[%emt 0:01:17]} 20. Nf3 {[%emt 0:06:59]} Kf7 {[%emt 0:01:46]} 21. Ne1 {[%emt 0:06:50]} Na4 {[%emt 0:03:49]} 22. Rb1 {[%emt 0:01:35]} Bxa3 {[%emt 0:00:45]} 23. bxa3 {[%emt 0:01:14]} Nxc3 {[%emt 0:00:02]} 24. Rb2 {[%emt 0:02:05]} Rxa3 {[%emt 0:00:01]} 25. Nf3 {[%emt 0:01:21]} b5 {[%emt 0:00:57]} 26. Nd4 {[%emt 0:00:27]} Rha8 {[%emt 0:01:39]} 0-1

[Event "Tatry Open 2018"]
[Site "Tatranska Lomnica"]
[Date "2018.10.05"]
[Round "7"]
[White "Starychfojtu, Josef"]
[Black "Weber, Samuel"]
[Result "0-1"]
[WhiteElo "1770"]
[BlackElo "2141"]
[Annotator "TA"]
[PlyCount "62"]
[EventDate "2018.09.30"]
[EventType "swiss"]
[EventCountry "SVK"]
[SourceTitle "playchess.com"]
[Source "ChessBase"]
[SourceQuality "1"]

{[%evp 9,62,-89,-30,-44,-1,-109,-106,-107,-25,-47,-23,-108,-116,-108,-95,-100,-88,-75,0,-26,0,0,0,6,5,-76,0,-59,25,42,76,-24,95,-80,-76,-157,-146,-279,-231,-334,-293,-435,-445,-530,-532,-763,-750,-819,-819,-883,-864,-917,-910,-1497,-1502]} 1. e4 e5 2. f4 exf4 3. Nf3 Nf6 4. e5 Nh5 5. Bc4 d6 (5... d5 $17 6. exd6 Bxd6) (5... d5 6. Be2 g5 7. O-O g4 8. Ne1 Rg8 9. d4 Nc6 10. Bb5 Qh4 11. Nc3 Be6 12. Bxf4 g3 13. hxg3 Nxg3 14. Bxg3 Rxg3 {0-1 (47) Gashimov,V (2594)-Graf,A (2605) Gothenburg 2005 CBM 109 [Bangiev,A]}) 6. O-O {C34: King's Gambit Accepted: 3 Nf3: 3...Nf6 and 3...d6} d5 7. Bb3 $146 (7. Be2 $11 {remains equal.}) ({Predecessor:} 7. Be2 Bg4 8. d4 g6 9. e6 fxe6 10. Ne5 Bxe2 11. Qxe2 Bg7 12. Bxf4 O-O {½-½ (65) Fernandez Rodriguez,J (2109)-Jimenez de la Torre,J (2122) Lucena 2012}) 7... g5 $17 8. d4 {[#]Black is better.} Bg4 (8... Be6 $1 $17) 9. Qd3 c6 10. Nc3 (10. c4 $11) 10... Be7 11. Ne2 Qd7 12. c4 dxc4 13. Bxc4 b5 14. Bb3 Na6 15. e6 $1 $36 {[%cal Re6d7][%mdl 2048] White has some pressure.} Bxe6 {Hoping for ...Nc5!} 16. Ne5 $1 {[%cal Re5d7]} Qd6 $1 17. Bd2 {[#]} (17. Qf3 $11 Nf6 18. Bxe6 fxe6 19. h4) 17... Bf6 ({Better is} 17... Nc5 $1 $17 {[%mdl 512]} 18. Qf3 (18. dxc5 Qxe5) 18... Nxb3 19. axb3 Nf6) 18. Bxe6 (18. Qf3 $1 $11 Ng7 19. Qxc6+ Qxc6 20. Nxc6) 18... Qxe6 ({Black should play} 18... fxe6 $15 19. Qf3 Ng7) 19. Qf3 $1 $11 {[%cal Rf3h5]} Ng7 {[%cal Bh5g7,Bg7f5,Bf5e3,Be3g4][%mdl 32]} 20. Ng4 (20. Rac1 $16 Bxe5 21. dxe5) 20... O-O (20... O-O-O $1 $11 {keeps the balance.}) 21. Nxf6+ $2 (21. Rac1 $16 {and life is bright.} c5 22. h4) 21... Qxf6 $17 22. a3 (22. g3 $142) 22... Nc7 23. Bc3 (23. g3 $17 {is a better defense.}) 23... Nd5 24. Rae1 (24. g3 $142) 24... Nf5 25. Kh1 (25. Ng3 {was necessary.}) 25... Rae8 $19 {Black is clearly winning.} 26. g3 Nfe3 27. Rg1 g4 28. gxf4 Qg6 29. Rxg4 Nxg4 (29... Qxg4 $2 30. Rg1 $19) 30. f5 Qh5 {[%csl Gg4][%cal Rh5h2]} 31. Qg3 Re3 {Precision: White = 23%, Black = 40%.} 0-1

[Event "Tatry Open 2018"]
[Site "Tatranska Lomnica"]
[Date "2018.10.06"]
[Round "8"]
[White "Pacher, Milan"]
[Black "Vojta, Tomas"]
[Result "1-0"]
[WhiteElo "2457"]
[BlackElo "2349"]
[Annotator "TA"]
[PlyCount "121"]
[EventDate "2018.09.30"]
[EventType "swiss"]
[EventCountry "SVK"]
[SourceTitle "playchess.com"]
[Source "ChessBase"]
[SourceQuality "1"]

{[%evp 10,121,57,69,48,62,47,45,47,15,6,20,53,65,62,56,52,52,47,57,51,52,53,55,52,46,54,54,71,83,70,76,70,78,66,73,68,55,112,106,108,66,72,81,72,70,66,64,73,46,41,44,57,47,43,43,51,41,64,72,77,77,77,79,76,83,90,79,118,118,115,107,185,178,175,183,183,155,247,158,254,231,339,343,373,366,328,347,441,436,431,416,422,422,422,392,425,356,539,532,714,599,666,605,635,613,606,603,1152,1046,1016,968,6093,5108]} 1. e4 d5 2. exd5 Qxd5 3. Nc3 Qd6 4. d4 Nf6 5. Nf3 Bg4 6. h3 Bh5 {B01: Scandinavian Defence} 7. g4 Bg6 $1 8. Ne5 Nbd7 {White is slightly better.} 9. Nb5 (9. Nxg6 hxg6 10. Bg2 c6 11. Qd3 e6 12. Bd2 Nb6 13. O-O-O Nbd5 14. Ne2 {1-0 (39) Bologan,V (2640)-Kovalenko,I (2684) Tallinn 2016}) 9... Qb6 10. Nc4 Qc6 {[#]} 11. d5 $1 {[%cal Rd5c6][%mdl 512]} Nxd5 {[#]} ({Don't blunder} 11... Qxb5 $2 {[#]} 12. Nd6+ $1 {[%mdl 512]} exd6 13. Bxb5 $18) (11... Qxd5 12. Nxc7+) 12. Qxd5 $1 {[%mdl 512]} Qxd5 13. Nxc7+ Kd8 14. Nxd5 {Black must now prevent Bg2.} Be4 $146 15. Rg1 {Nc3 is the strong threat.} Bxd5 16. Bf4 Rc8 17. Ne3 Bc6 18. O-O-O $36 {[%mdl 2048] White has the initiative.} f6 19. g5 e5 20. Bg3 Kc7 21. Nd5+ Bxd5 22. Rxd5 Bd6 23. Bg2 Nb6 (23... Rcd8 $14) 24. Rd3 $16 Rcd8 25. Rgd1 Nc8 26. gxf6 gxf6 27. Be4 h6 28. h4 Rhf8 29. Bf5 {Hoping for Rc3+.} Ne7 30. Be6 Ng6 31. h5 Nf4 32. Bxf4 exf4 33. Bd5 Be5 34. Rg1 Rd7 35. Rg6 Rh8 36. c4 b5 37. b3 Kb6 38. Kc2 Kc5 39. b4+ Kxb4 40. Rb3+ Kc5 (40... Ka4 $16) 41. Rxb5+ $18 Kd6 42. Kd3 Rc7 43. Ke4 Rhh7 (43... Rc5 $16 44. a4 Rh7) 44. a4 Rhe7 (44... Rc5 $16 45. Rg8 Rxb5 46. axb5 Re7) 45. Rxh6 Bc3+ (45... a6 $142) 46. Kd3 Be5 47. Rg6 Rh7 48. h6 Rc8 49. Ke4 f3 50. Bg8 Rxg8 51. Rxg8 Rxh6 52. Kxf3 {[%mdl 4096] Endgame KRR-KRB} Rh3+ 53. Kg2 Ra3 (53... Rc3 {keeps fighting.} 54. Ra8 Rxc4 55. Rxa7 Ke6) 54. Ra5 {White is clearly winning.} Rc3 55. Rg4 Ke6 56. Rxa7 Kf5 57. Rh4 Kg5 58. Rah7 Ra3 59. c5 Rc3 60. a5 Rxc5 {[#]} 61. f4+ $1 {Precision: White = 76%, Black = 49%.} 1-0